Country Flags that are White, Red and Green Only - Statistics

General Stats
  • This quiz has been taken 36,146 times
  • The average score is 9 of 11
Answer Stats
Picture Answer % Correct
Italy
98%
Iran
96%
Lebanon
96%
Algeria
92%
Hungary
90%
Bulgaria
89%
Belarus
88%
Oman
76%
Maldives
72%
Madagascar
69%
Burundi
67%
No matching quizzes found
Score Distribution
Percent of People with Each Score
Percentile by Number Answered
Your Score History
You have not taken this quiz